[Event "Stuttgarter Stadtmeisterschaft A"]
[Site "Ditzingen"]
[Date "2015.05.16"]
[Round "5.41"]
[White "Viehoff, Jürgen"]
[Black "Engelhardt, Frank"]
[Result "0-1"]
[WhiteElo "1857"]
[BlackElo "1819"]
[PlyCount "68"]
[EventDate "2015.??.??"]
[WhiteTeam "SC Stetten a.d.F."]
[BlackTeam "SC Botnang"]

1. d4 Nf6 2. Nf3 d5 3. e3 Bf5 4. c4 c6 5. Nc3 e6 6. Qb3 Qc7 7. Nh4 Bg6 8. Nxg6
hxg6 9. h3 Nbd7 10. cxd5 exd5 11. Be2 Bd6 12. Bd2 Nb6 13. a4 a5 14. Rc1 Bb4 15.
Nb1 Qe7 16. Bc3 Ne4 17. Nd2 O-O 18. Qc2 Bxc3 19. bxc3 Nxd2 20. Kxd2 Rfe8 21.
Rb1 Nc4+ 22. Bxc4 dxc4 23. Qa2 c5 24. Qxc4 cxd4 25. cxd4 Qe4 26. Rhg1 Rac8 27.
Qd3 Qc6 28. Qb3 Qf6 29. Rgf1 Re7 30. f3 Qg5 31. Rf2 Rec7 32. Re2 Rc4 33. f4 Qf5
34. Ke1 Rb4 0-1

[Event "Stuttgarter Stadtmeisterschaft A"]
[Site "Ditzingen"]
[Date "2015.05.16"]
[Round "6.1"]
[White "Karpatchev, Aleksandr"]
[Black "Ikonnikov, Vyacheslav"]
[Result "1/2-1/2"]
[WhiteElo "2466"]
[BlackElo "2560"]
[PlyCount "42"]
[EventDate "2015.??.??"]
[WhiteTeam "SF Bad Mergentheim"]
[BlackTeam "SF Bad Mergentheim"]

1. e4 c5 2. c3 Nf6 3. e5 Nd5 4. Nf3 Nc6 5. d4 cxd4 6. cxd4 d6 7. Bc4 Nb6 8. Bb5
dxe5 9. Nxe5 Bd7 10. Nxd7 Qxd7 11. Nc3 e6 12. O-O Be7 13. Qg4 O-O 14. Bxc6 bxc6
15. Bh6 Bf6 16. Rfd1 Kh8 17. Ne4 Qe7 18. Bg5 Bxg5 19. Qxg5 Qxg5 20. Nxg5 Nd5
21. Rac1 Ne7 1/2-1/2

[Event "Stuttgarter Stadtmeisterschaft A"]
[Site "Ditzingen"]
[Date "2015.05.16"]
[Round "6.2"]
[White "Dgebuadze, Alexandre"]
[Black "Gretz, Denis"]
[Result "1/2-1/2"]
[WhiteElo "2490"]
[BlackElo "2241"]
[PlyCount "80"]
[EventDate "2015.??.??"]
[BlackTeam "SK Königsbrunn"]

1. c4 f5 2. Nc3 Nf6 3. g3 g6 4. Bg2 Bg7 5. d3 d6 6. e4 O-O 7. Nge2 e5 8. O-O
Nc6 9. Bg5 h6 10. Bxf6 Bxf6 11. exf5 Bxf5 12. h3 h5 13. Nd5 Qd7 14. Kh2 Rae8
15. Qb3 Bg7 16. Qxb7 Bxd3 17. Qxc7 Qxc7 18. Nxc7 Rc8 19. Bxc6 Rxc7 20. Bd5+ Kh8
21. Nc3 e4 22. Nxe4 Bxb2 23. Rad1 Bxc4 24. Bxc4 Rxc4 25. Nxd6 Rc2 26. Ne4 Re8
27. Rd2 Rxd2 28. Nxd2 Re2 29. Nf3 Ba3 30. Kg2 Rxa2 31. Ne5 Kg7 32. Rb1 Kf6 33.
Nd3 Bd6 34. Kf3 a5 35. Rb6 Ke7 36. Nf4 Bxf4 37. gxf4 Kf7 38. Rb7+ Kf6 39. Rb6+
Kf7 40. Rb7+ Kf6 1/2-1/2

[Event "Stuttgarter Stadtmeisterschaft A"]
[Site "Ditzingen"]
[Date "2015.05.16"]
[Round "6.3"]
[White "Bilchinski, Anton"]
[Black "Gutman, Lev"]
[Result "1/2-1/2"]
[WhiteElo "2252"]
[BlackElo "2438"]
[PlyCount "55"]
[EventDate "2015.??.??"]
[WhiteTeam "SK Göggingen"]
[BlackTeam "SV Lingen"]

1. d4 Nf6 2. c4 g6 3. Nc3 d5 4. Bf4 Bg7 5. e3 c6 6. Nf3 O-O 7. h3 Be6 8. Qb3
dxc4 9. Bxc4 Bxc4 10. Qxc4 Qb6 11. O-O a5 12. Rab1 Qb4 13. Qd3 a4 14. a3 Qa5
15. b3 axb3 16. a4 c5 17. Rxb3 cxd4 18. exd4 Nd5 19. Nxd5 Qxd5 20. Rb5 Qd7 21.
Rfb1 Nc6 22. Rxb7 Qd5 23. R1b5 Qa2 24. d5 Qxa4 25. dxc6 Qxf4 26. Rxe7 Qc1+ 27.
Re1 Qxc6 28. Qd5 1/2-1/2

[Event "Stuttgarter Stadtmeisterschaft A"]
[Site "Ditzingen"]
[Date "2015.05.16"]
[Round "6.4"]
[White "Piskur, Mitja"]
[Black "Gibicar, Danijel"]
[Result "1/2-1/2"]
[WhiteElo "2272"]
[BlackElo "2233"]
[PlyCount "134"]
[EventDate "2015.??.??"]
[BlackTeam "SK Bebenhausen"]

1. e4 e6 2. d3 c5 3. Nf3 Nc6 4. g3 d6 5. Bg2 Nf6 6. O-O g6 7. Qe2 Bg7 8. e5
dxe5 9. Nxe5 Nd4 10. Qd1 Nd7 11. Nc4 O-O 12. a4 Nb6 13. Nbd2 e5 14. Re1 f6 15.
a5 Nxc4 16. Nxc4 Rb8 17. f4 h5 18. h3 Be6 19. c3 Nf5 20. Kh2 Bd5 21. Be4 Qd7
22. Ne3 Be6 23. Nxf5 Bxf5 24. Be3 b6 25. axb6 axb6 26. Qa4 Qxa4 27. Rxa4 Bxe4
28. dxe4 exf4 29. Bxf4 Ra8 30. Rea1 Rxa4 31. Rxa4 Re8 32. Kg2 g5 33. Be3 g4 34.
hxg4 hxg4 35. Kf2 Bf8 36. Ra6 Rxe4 37. Rxb6 Kf7 38. Rc6 Re6 39. Rc7+ Re7 40.
Rc8 Rb7 41. Bxc5 Rxb2+ 42. Ke3 Bxc5+ 43. Rxc5 Kg6 44. Kf4 Rf2+ 45. Kxg4 f5+ 46.
Kh3 f4 47. g4 Rc2 48. c4 f3 49. Kg3 f2 50. Kg2 Kh6 51. Rh5+ Kg6 52. c5 Rc4 53.
Kxf2 Rxg4 54. Rh8 Rc4 55. Rc8 Kf6 56. Ke3 Ke6 57. Kd3 Kd7 58. Kxc4 Kxc8 59. Kb5
Kb7 60. c6+ Kc7 61. Kc5 Kc8 62. Kd5 Kc7 63. Kc5 Kc8 64. Kd6 Kd8 65. Ke5 Kc7 66.
Kd5 Kc8 67. Kd6 Kd8 1/2-1/2

[Event "Stuttgarter Stadtmeisterschaft A"]
[Site "Ditzingen"]
[Date "2015.05.16"]
[Round "6.5"]
[White "Bosiocic, Marin"]
[Black "Lorscheid, Gerhard"]
[Result "1-0"]
[WhiteElo "2563"]
[BlackElo "2237"]
[PlyCount "31"]
[EventDate "2015.??.??"]
[WhiteTeam "TSV Schönaich"]
[BlackTeam "Stuttgarter SF"]

1. Nf3 Nf6 2. c4 g6 3. g3 Bg7 4. Bg2 c6 5. d4 d5 6. Qb3 O-O 7. O-O dxc4 8. Qxc4
Be6 9. Qb4 Qb6 10. Qxe7 Na6 11. Qa3 Bc4 12. Nc3 Rfe8 13. Qa4 Bxe2 14. Nxe2 Rxe2
15. Ne5 Rd8 16. Qc4 1-0

[Event "Stuttgarter Stadtmeisterschaft A"]
[Site "Ditzingen"]
[Date "2015.05.16"]
[Round "6.6"]
[White "Belezky, Alexander"]
[Black "Aring, Gerd"]
[Result "1-0"]
[WhiteElo "2453"]
[BlackElo "2209"]
[PlyCount "85"]
[EventDate "2015.??.??"]
[WhiteTeam "FC Bayern München"]
[BlackTeam "SV Nürtingen"]

1. Nf3 Nf6 2. g3 g6 3. b3 Bg7 4. Bb2 O-O 5. Bg2 d5 6. O-O c5 7. c4 e6 8. Qc1
Nbd7 9. cxd5 Nxd5 10. Nc3 b6 11. Nxd5 exd5 12. Bxg7 Kxg7 13. d4 Bb7 14. dxc5
bxc5 15. Qb2+ Qf6 16. Qxf6+ Kxf6 17. Rac1 Rac8 18. Bh3 Ke7 19. Rfd1 Rfd8 20.
Rd2 h5 21. Rdc2 f5 22. Ne1 Rc7 23. Nd3 Rdc8 24. Bg2 Kf6 25. h4 a5 26. Rc3 Kf7
27. Kf1 a4 28. b4 c4 29. Nf4 Nf6 30. e3 Rd7 31. Ne2 Ne4 32. Ra3 Ra8 33. Bxe4
dxe4 34. Nd4 Bd5 35. Ke1 Ke7 36. Kd2 Kd6 37. Kc3 Rb7 38. Rd1 Rb6 39. Ne2 Ke5
40. Nf4 Bf7 41. Rd7 Be8 42. Re7+ Kf6 43. Nd5# 1-0

[Event "Stuttgarter Stadtmeisterschaft A"]
[Site "Ditzingen"]
[Date "2015.05.16"]
[Round "6.7"]
[White "Krassowizkij, Jaroslaw"]
[Black "Pitschka, Claus"]
[Result "1/2-1/2"]
[WhiteElo "2436"]
[BlackElo "2208"]
[PlyCount "37"]
[EventDate "2015.??.??"]
[WhiteTeam "SV Jedesheim"]
[BlackTeam "SC Garching"]

1. e4 Nf6 2. e5 Nd5 3. c4 Nb6 4. a4 d6 5. a5 N6d7 6. exd6 exd6 7. d4 Nf6 8. Nf3
Be7 9. Nc3 O-O 10. h3 d5 11. Qb3 Nc6 12. Nxd5 Nxd5 13. cxd5 Nb4 14. Bc4 Bf5 15.
O-O Bc2 16. Qc3 Be4 17. a6 bxa6 18. Ne5 Bxd5 19. Bxd5 1/2-1/2

[Event "Stuttgarter Stadtmeisterschaft A"]
[Site "Ditzingen"]
[Date "2015.05.16"]
[Round "6.8"]
[White "Cofman, Veaceslav"]
[Black "Niklasch, Oliver"]
[Result "1/2-1/2"]
[WhiteElo "2145"]
[BlackElo "2325"]
[PlyCount "44"]
[EventDate "2015.??.??"]
[WhiteTeam "Karlsruher SF"]
[BlackTeam "SK Schmiden/Cannstatt"]

1. d4 e6 2. c4 Bb4+ 3. Nd2 Nf6 4. g3 O-O 5. Bg2 Re8 6. Ngf3 Bf8 7. O-O d6 8. e4
e5 9. d5 a5 10. h3 Na6 11. Ne1 Nc5 12. b3 c6 13. Ba3 Nfd7 14. Nc2 cxd5 15. cxd5
Qb6 16. Qe2 Qa7 17. Ne3 b6 18. Bxc5 Nxc5 19. a4 Ba6 20. Nec4 Rec8 21. Rfc1 Rc7
22. Qe3 Rac8 1/2-1/2

[Event "Stuttgarter Stadtmeisterschaft A"]
[Site "Ditzingen"]
[Date "2015.05.16"]
[Round "6.9"]
[White "Bräuner, Uwe"]
[Black "Bergauz, Noam"]
[Result "0-1"]
[WhiteElo "2185"]
[BlackElo "2296"]
[PlyCount "122"]
[EventDate "2015.??.??"]
[WhiteTeam "SF Pfullingen"]
[BlackTeam "SK München Südost"]

1. e4 e6 2. d4 d5 3. Nc3 Bb4 4. exd5 exd5 5. Bd3 Ne7 6. Qh5 Nbc6 7. Nge2 Be6 8.
O-O Qd7 9. a3 Bd6 10. Nb5 O-O-O 11. c3 f6 12. b4 g5 13. Qf3 Rdf8 14. a4 h6 15.
a5 f5 16. Nxd6+ cxd6 17. b5 Nd8 18. Bc2 Qxb5 19. Ba3 Qa6 20. Rfe1 f4 21. Rab1
Rf6 22. Qd3 Qxd3 23. Bxd3 Kc7 24. Nc1 f3 25. gxf3 Rxf3 26. Rb2 Rhf8 27. Rbe2
Kd7 28. Bb5+ Nec6 29. a6 bxa6 30. Bxc6+ Kxc6 31. Rxe6 Nxe6 32. Rxe6 Rxc3 33.
Rxd6+ Kb7 34. Rd7+ Kc8 35. Rxa7 Rxa3 36. Ra8+ Kd7 37. Rxf8 Ra1 38. Rf6 Rxc1+
39. Kg2 Rc6 40. Rf7+ Ke6 41. Ra7 Kf5 42. Kf3 g4+ 43. Ke3 Rc3+ 44. Kd2 Ra3 45.
Re7 Kf4 46. Re5 Ra5 47. Rh5 Ke4 48. Rxh6 Kxd4 49. Rh4 Ra2+ 50. Ke1 Kd3 51. Kf1
Ra4 52. h3 Ra1+ 53. Kg2 gxh3+ 54. Rxh3+ Kc4 55. Rh8 d4 56. Kf3 Kd3 57. Rh3 Ra4
58. Rh4 Kc2 59. Rh8 Ra3+ 60. Ke4 d3 61. Rh3 Ra4+ 0-1

[Event "Stuttgarter Stadtmeisterschaft A"]
[Site "Ditzingen"]
[Date "2015.05.16"]
[Round "6.10"]
[White "Braun, Joachim"]
[Black "Latzke, Boris Alexander"]
[Result "1-0"]
[WhiteElo "2177"]
[BlackElo "2265"]
[PlyCount "83"]
[EventDate "2015.??.??"]
[WhiteTeam "SF Birkenfeld"]
[BlackTeam "SK Bebenhausen"]

1. e4 e5 2. Nf3 Nc6 3. Bb5 Nf6 4. d3 Bc5 5. Bxc6 dxc6 6. Nbd2 Be6 7. O-O Nd7 8.
Nb3 Be7 9. Be3 O-O 10. h3 c5 11. Na5 c6 12. Nc4 f6 13. Nh4 Nb6 14. b3 Bd6 15.
Nf5 Bxf5 16. exf5 Nd5 17. Qg4 Rf7 18. Nd2 Bf8 19. Ne4 b6 20. Qh5 Qd7 21. g4 Nb4
22. Rfc1 Nd5 23. Kh2 Nf4 24. Bxf4 exf4 25. f3 Bd6 26. Rg1 Be5 27. Rae1 Bd4 28.
Rg2 Rd8 29. Qh4 Rdf8 30. g5 Qxf5 31. Nd6 fxg5 32. Rxg5 Qd7 33. Nxf7 Qxf7 34.
Qg4 h6 35. Rg6 Kh7 36. Rge6 Be3 37. Re4 Qf6 38. Re2 Qf7 39. Rg2 Bd4 40. Qe6 Qh5
41. Rg4 Rf6 42. Qc8 1-0

[Event "Stuttgarter Stadtmeisterschaft A"]
[Site "Ditzingen"]
[Date "2015.05.16"]
[Round "6.11"]
[White "Zikeli, Saskia"]
[Black "Schröder, Kevin"]
[Result "0-1"]
[WhiteElo "2134"]
[BlackElo "2244"]
[PlyCount "98"]
[EventDate "2015.??.??"]
[WhiteTeam "SC Ingersheim"]
[BlackTeam "LSV Turm Lippstadt"]

1. e4 e5 2. Nf3 Nc6 3. d4 exd4 4. Nxd4 Bb4+ 5. c3 Bc5 6. Be3 Bb6 7. Nxc6 bxc6
8. Qf3 Qf6 9. Qg3 Qg6 10. Qxg6 hxg6 11. Bxb6 axb6 12. Bc4 Nf6 13. Nd2 d6 14.
O-O Ra5 15. Rfe1 Rah5 16. h3 Nd7 17. a4 Ra5 18. b4 Ra8 19. Bb3 g5 20. Nf3 f6
21. Nd4 Ne5 22. f3 Ke7 23. Red1 g6 24. Re1 Bd7 25. Nc2 Ra7 26. Re2 Rha8 27. Ne3
Kf8 28. Ng4 Bxg4 29. hxg4 c5 30. Rd2 Rb8 31. Bd1 Ke7 32. g3 Rh8 33. f4 Nd7 34.
Raa2 gxf4 35. gxf4 g5 36. fxg5 fxg5 37. Rh2 Rxh2 38. Rxh2 Nf6 39. Bb3 Nxg4 40.
Rh7+ Kf6 41. Rf7+ Kg6 42. Rf8 Ne3 43. Kf2 c4 44. Kxe3 cxb3 45. Rf2 Rxa4 46. Rb2
Ra3 47. Kf3 Kf6 48. Ke3 Ke5 49. c4 g4 0-1

[Event "Stuttgarter Stadtmeisterschaft A"]
[Site "Ditzingen"]
[Date "2015.05.16"]
[Round "6.12"]
[White "Kabisch, Thilo"]
[Black "Höglauer, Patrick"]
[Result "0-1"]
[WhiteElo "2298"]
[BlackElo "2079"]
[PlyCount "92"]
[EventDate "2015.??.??"]
[WhiteTeam "SK Schmiden/Cannstatt"]
[BlackTeam "SV Backnang"]

1. e4 c6 2. d4 d5 3. Nc3 dxe4 4. Nxe4 Bf5 5. Ng3 Bg6 6. h4 h6 7. Nf3 Nd7 8. h5
Bh7 9. Bd3 Bxd3 10. Qxd3 e6 11. Bf4 Qa5+ 12. Bd2 Bb4 13. c3 Be7 14. c4 Qc7 15.
O-O-O Ngf6 16. Kb1 O-O 17. Ne4 Nxe4 18. Qxe4 Nf6 19. Qe2 b5 20. Ne5 Rfd8 21.
Bc1 c5 22. cxb5 Rxd4 23. Rxd4 cxd4 24. Rd1 Bc5 25. g4 Nd5 26. g5 hxg5 27. Bxg5
a6 28. h6 axb5 29. Nd3 Qa7 30. Nc1 Bf8 31. Rg1 g6 32. Rg4 Kh7 33. Qd3 e5 34.
Bd2 Qd7 35. Rg5 Re8 36. Qe4 Nf6 37. Qe2 Qd5 38. f3 Bd6 39. Nd3 Qc4 40. b3 Qd5
41. Qg2 Qc6 42. Qf1 Rc8 43. Ne1 Ba3 44. Nd3 Qc2+ 45. Ka1 Qxd2 46. Rxe5 Rc2 0-1

[Event "Stuttgarter Stadtmeisterschaft A"]
[Site "Ditzingen"]
[Date "2015.05.16"]
[Round "6.13"]
[White "Schulte, Torsten"]
[Black "Denisow, Jewgeny"]
[Result "1/2-1/2"]
[WhiteElo "2117"]
[BlackElo "2170"]
[PlyCount "37"]
[EventDate "2015.??.??"]
[WhiteTeam "SC Eppingen"]
[BlackTeam "SG Schwäbisch Gmünd"]

1. d4 b5 2. c3 Bb7 3. Qb3 a6 4. a4 c6 5. Bf4 d5 6. Nd2 Nf6 7. e3 e6 8. Ngf3 Be7
9. h3 O-O 10. Bd3 Nbd7 11. axb5 cxb5 12. O-O Nb6 13. Rfe1 Nc4 14. e4 Nxd2 15.
Nxd2 Nxe4 16. Nxe4 dxe4 17. Bxe4 Bxe4 18. Rxe4 Bd6 19. Bxd6 1/2-1/2

[Event "Stuttgarter Stadtmeisterschaft A"]
[Site "Ditzingen"]
[Date "2015.05.16"]
[Round "6.14"]
[White "Gibicar, Marc"]
[Black "Khadempour, Farhad"]
[Result "0-1"]
[WhiteElo "1938"]
[BlackElo "2139"]
[PlyCount "146"]
[EventDate "2015.??.??"]
[WhiteTeam "Spvgg Böblingen"]
[BlackTeam "SV Tübingen"]

1. e4 e6 2. d4 d5 3. e5 c5 4. c3 Nc6 5. Nf3 Qb6 6. Bd3 Bd7 7. O-O cxd4 8. cxd4
Nb4 9. Be2 Rc8 10. Nc3 Ne7 11. a3 Nbc6 12. Na4 Qc7 13. b4 a6 14. Nc5 a5 15.
Nxd7 Qxd7 16. b5 Na7 17. a4 b6 18. Ba3 Nf5 19. Bxf8 Kxf8 20. Bd3 g6 21. Qd2 Kg7
22. Rac1 Rxc1 23. Rxc1 Rc8 24. Rxc8 Qxc8 25. Qg5 h6 26. Qf6+ Kg8 27. g4 Ng7 28.
Qf4 Qc3 29. Be2 Qc2 30. Kf1 Qxa4 31. Qxh6 Qc2 32. Qh4 Qc7 33. Ng5 Ne8 34. Qh7+
Kf8 35. h4 a4 36. Qh8+ Ke7 37. Qg8 Qc1+ 38. Kg2 Qf4 39. Nh7 Qh6 40. Nf6 Qf8 41.
Qxf8+ Kxf8 42. Nd7+ Kg7 43. Bd1 a3 44. Bb3 Nxb5 45. Nxb6 Nxd4 46. Ba2 Nc6 47.
f4 Nb4 48. Bb1 Nc7 49. Kf3 Nb5 50. Na4 d4 51. Nc5 Nc3 52. Be4 a2 53. Nb3 Na6
54. Bc2 Nc5 55. Na1 d3 56. Bxd3 Nxd3 57. Ke3 Nb4 58. Kd4 Ncd5 59. Ke4 Nc7 60.
Kd4 Nbd5 61. Ke4 Nb5 62. Nb3 Nb4 63. Na1 Na3 64. f5 Nac2 65. Nb3 a1=Q 66. Nxa1
Nxa1 67. fxe6 fxe6 68. Kf4 Nd5+ 69. Kg5 Nb3 70. h5 gxh5 71. gxh5 Nd4 72. h6+
Kh7 73. Kh5 Nf3 0-1

[Event "Stuttgarter Stadtmeisterschaft A"]
[Site "Ditzingen"]
[Date "2015.05.16"]
[Round "6.15"]
[White "Quernheim, Daniel"]
[Black "Debus, Alfred"]
[Result "0-1"]
[WhiteElo "2029"]
[BlackElo "2143"]
[PlyCount "72"]
[EventDate "2015.??.??"]
[WhiteTeam "SC Botnang"]
[BlackTeam "SK Marburg"]

1. d4 d5 2. c4 e6 3. Nc3 c6 4. Nf3 Nf6 5. Bg5 h6 6. Bh4 dxc4 7. e4 g5 8. Bg3
Bb4 9. Qc2 b5 10. Be2 Bb7 11. O-O Nbd7 12. Rad1 a6 13. Ne5 h5 14. h4 gxh4 15.
Bxh4 Be7 16. Nxd7 Qxd7 17. d5 cxd5 18. Bxf6 Bxf6 19. exd5 O-O-O 20. Ne4 Be5 21.
dxe6 Qxe6 22. Nc5 Qg6 23. Qxg6 fxg6 24. Nxb7 Kxb7 25. a4 Kb6 26. axb5 axb5 27.
b3 cxb3 28. Bd3 g5 29. Bb1 b2 30. Rde1 Rd5 31. Ba2 Rc5 32. Rd1 Rhc8 33. Bb1 Rc1
34. Be4 Rxd1 35. Rxd1 Rc1 36. Rf1 Bh2+ 0-1

[Event "Stuttgarter Stadtmeisterschaft A"]
[Site "Ditzingen"]
[Date "2015.05.16"]
[Round "6.16"]
[White "Gerstenberger, Heinz"]
[Black "Schwab, Matthias"]
[Result "1/2-1/2"]
[WhiteElo "2129"]
[BlackElo "2106"]
[PlyCount "45"]
[EventDate "2015.??.??"]
[WhiteTeam "Stuttgarter SF"]
[BlackTeam "SC Böblingen"]

1. b3 e5 2. Bb2 Nc6 3. e3 d6 4. g3 g6 5. Bg2 Bg7 6. Ne2 Nf6 7. O-O O-O 8. c4
Bf5 9. h3 Qc8 10. Kh2 e4 11. Nbc3 Re8 12. Nf4 h5 13. Rb1 Ne5 14. Ncd5 Nfd7 15.
d3 Nxd3 16. Nxd3 exd3 17. Bxg7 Kxg7 18. Nf4 a5 19. Nxd3 Ne5 20. e4 Bd7 21. Nf4
Bc6 22. Qd4 Qd8 23. Nd5 1/2-1/2

[Event "Stuttgarter Stadtmeisterschaft A"]
[Site "Ditzingen"]
[Date "2015.05.16"]
[Round "6.17"]
[White "Flick, Antoine"]
[Black "Zymberi, Agron"]
[Result "1-0"]
[WhiteElo "2167"]
[BlackElo "2089"]
[PlyCount "159"]
[EventDate "2015.??.??"]
[BlackTeam "SC Villingen"]

1. d4 d5 2. Nf3 e6 3. c4 Nf6 4. g3 Be7 5. Bg2 O-O 6. O-O c6 7. Nbd2 Nbd7 8. Qc2
Re8 9. e4 dxc4 10. Nxc4 Bf8 11. Bf4 Nb6 12. Nce5 h6 13. Rfd1 Qe7 14. Rac1 Rd8
15. h3 Bd7 16. Qe2 Be8 17. Nd3 g5 18. Bd2 Bg7 19. a3 Qc7 20. Ba5 Nh7 21. Nc5
Nf8 22. Ne5 Rxd4 23. Rxd4 Qxe5 24. Rd2 Rb8 25. Rcc2 Qc7 26. Bc3 e5 27. Bb4 Nc8
28. Bf3 a5 29. Bc3 Nd6 30. Bxa5 Qxa5 31. Rxd6 Qc7 32. Qd1 Qe7 33. Bg4 b6 34.
Na4 Bf6 35. Rcd2 Kg7 36. Qf3 Rb7 37. Nc3 Rc7 38. Nd1 Ne6 39. Bxe6 fxe6 40. Qb3
b5 41. Qxe6 Qxe6 42. Rxe6 Kf7 43. Red6 h5 44. Ne3 Ra7 45. Nf5 Ra4 46. f3 b4 47.
axb4 Rxb4 48. Kf2 Rb8 49. Ke3 Rb3+ 50. R6d3 Rb8 51. Nd6+ Kf8 52. Nxe8 Kxe8 53.
Rd6 Be7 54. Rxc6 g4 55. hxg4 hxg4 56. f4 Kf7 57. Rdc2 Rb3+ 58. R6c3 Rb4 59. b3
Bd8 60. fxe5 Bg5+ 61. Kd3 Be7 62. Rb2 Ke6 63. Rc4 Rb7 64. b4 Kxe5 65. Kc3 Ke6
66. Rd2 Bf6+ 67. Kb3 Be5 68. Rc6+ Kf7 69. Rd3 Bf6 70. Kc4 Be7 71. b5 Ra7 72.
Rb3 Ra4+ 73. Kd5 Ra1 74. Rcc3 Rd1+ 75. Rd3 Rc1 76. Rbc3 Rb1 77. Kc6 Bf6 78. Rc5
Be7 79. Rc4 Ke8 80. e5 1-0

[Event "Stuttgarter Stadtmeisterschaft A"]
[Site "Ditzingen"]
[Date "2015.05.16"]
[Round "6.18"]
[White "Doll, Michael"]
[Black "Gehringer, Frank"]
[Result "1-0"]
[WhiteElo "2182"]
[BlackElo "2050"]
[PlyCount "57"]
[EventDate "2015.??.??"]
[WhiteTeam "SV Nürtingen"]
[BlackTeam "SC Leinfelden"]

1. d4 d5 2. Nf3 Nf6 3. e3 e6 4. Bd3 c5 5. b3 cxd4 6. exd4 Nc6 7. O-O Bd6 8. Bb2
O-O 9. a3 Qc7 10. Nbd2 Re8 11. c4 b6 12. Rc1 dxc4 13. Nxc4 Bf4 14. Rc2 Bb7 15.
Nfe5 Nxe5 16. dxe5 Nd5 17. Nd6 Qe7 18. g3 Red8 19. Qg4 Bh6 20. Qh5 Rxd6 21.
exd6 Qxd6 22. Qe5 Qd7 23. Rd1 f6 24. Qe2 Qf7 25. Re1 Re8 26. Bb5 Nf4 27. Qg4 f5
28. Bxe8 Qxe8 29. Qxf5 1-0

[Event "Stuttgarter Stadtmeisterschaft A"]
[Site "Ditzingen"]
[Date "2015.05.16"]
[Round "6.19"]
[White "Bergner, Philipp"]
[Black "Müller, Anja"]
[Result "1/2-1/2"]
[WhiteElo "2149"]
[BlackElo "1975"]
[PlyCount "54"]
[EventDate "2015.??.??"]
[WhiteTeam "SK Bebenhausen"]
[BlackTeam "SC Ingersheim"]

1. Nf3 Nf6 2. g3 g6 3. Bg2 Bg7 4. c4 O-O 5. O-O c6 6. d4 d5 7. Nbd2 Nbd7 8. b3
b5 9. Ne5 Nxe5 10. dxe5 Ng4 11. Nf3 Nxe5 12. Nxe5 Bxe5 13. Bh6 Bg7 14. Bxg7
Kxg7 15. cxd5 cxd5 16. Bxd5 Rb8 17. Qd4+ Kg8 18. Bxf7+ Kxf7 19. Qf4+ Bf5 20. e4
Qd4 21. exf5 Qxf4 22. fxg6+ Kxg6 23. gxf4 Rxf4 24. Rfe1 Kf6 25. Re3 Rg8+ 26.
Rg3 Rd8 27. Kg2 a5 1/2-1/2

[Event "Stuttgarter Stadtmeisterschaft A"]
[Site "Ditzingen"]
[Date "2015.05.16"]
[Round "6.20"]
[White "Kessler, Andreas"]
[Black "Pelezki, Eugen"]
[Result "1-0"]
[WhiteElo "2141"]
[BlackElo "2010"]
[PlyCount "67"]
[EventDate "2015.??.??"]
[BlackTeam "SV Wendlingen"]

1. g3 d5 2. Bg2 c5 3. Nf3 Nc6 4. d4 cxd4 5. Nxd4 e5 6. Nxc6 bxc6 7. c4 Nf6 8.
O-O Be7 9. Nc3 Be6 10. Bg5 e4 11. Qa4 O-O 12. Rad1 Nd7 13. Bxe7 Qxe7 14. cxd5
cxd5 15. Qd4 Nf6 16. Na4 Rac8 17. Rc1 Rc7 18. Rc5 Rfc8 19. Rfc1 Rxc5 20. Rxc5
Rxc5 21. Nxc5 Bg4 22. Bf1 Qc7 23. b4 Qc8 24. Qe5 h5 25. e3 a5 26. Ba6 Qc6 27.
Qb8+ Kh7 28. Bb5 Nd7 29. Bxc6 Nxb8 30. Bxd5 f5 31. bxa5 Be2 32. Bb7 Bb5 33. a6
Nc6 34. a4 1-0

[Event "Stuttgarter Stadtmeisterschaft A"]
[Site "Ditzingen"]
[Date "2015.05.16"]
[Round "6.21"]
[White "Keller, Harald"]
[Black "Schmidt, Tobias"]
[Result "0-1"]
[WhiteElo "2049"]
[BlackElo "2122"]
[PlyCount "48"]
[EventDate "2015.??.??"]
[WhiteTeam "SV Rottweil"]
[BlackTeam "SC Erdmannhausen"]

1. e4 e6 2. d4 d5 3. Nc3 Bb4 4. e5 c5 5. a3 Bxc3+ 6. bxc3 Qa5 7. Bd2 Qa4 8. Nf3
b6 9. Be2 Ba6 10. Bxa6 Nxa6 11. O-O Ne7 12. Qe2 O-O 13. Be3 Rac8 14. Nd2 cxd4
15. Bxd4 Nc5 16. Rac1 Nf5 17. Qg4 Nd7 18. h3 Rc7 19. Nb3 Rfc8 20. Qe2 Qxa3 21.
g4 Nxd4 22. cxd4 Qb2 23. Qa6 Nf8 24. Rb1 Qxc2 0-1

[Event "Stuttgarter Stadtmeisterschaft A"]
[Site "Ditzingen"]
[Date "2015.05.16"]
[Round "6.22"]
[White "Montigel, Philipp"]
[Black "Stoll, Katja"]
[Result "1/2-1/2"]
[WhiteElo "2117"]
[BlackElo "1818"]
[PlyCount "29"]
[EventDate "2015.??.??"]
[WhiteTeam "SV Stuttgart-Wolfbusch"]
[BlackTeam "SC Weiße Dame Ulm"]

1. f4 d5 2. Nf3 c5 3. g3 Nf6 4. Bg2 e6 5. O-O Be7 6. d3 O-O 7. c3 Nc6 8. Qc2
Qc7 9. e4 dxe4 10. dxe4 e5 11. f5 b6 12. Rd1 Bb7 13. Na3 Rad8 14. Be3 Na5 15.
Nd2 1/2-1/2

[Event "Stuttgarter Stadtmeisterschaft A"]
[Site "Ditzingen"]
[Date "2015.05.16"]
[Round "6.23"]
[White "Weber, Klaus"]
[Black "Notz, Lukas"]
[Result "1/2-1/2"]
[WhiteElo "2113"]
[BlackElo "1849"]
[PlyCount "43"]
[EventDate "2015.??.??"]
[WhiteTeam "SV Tübingen"]
[BlackTeam "SV Dettingen Erms"]

1. e4 c6 2. d4 d5 3. Nc3 dxe4 4. Nxe4 Bf5 5. Ng3 Bg6 6. h4 h6 7. Nf3 Nd7 8. Bd3
Bxd3 9. Qxd3 e6 10. Bf4 Qa5+ 11. Bd2 Qc7 12. Ne4 Ngf6 13. O-O-O Nxe4 14. Qxe4
Nf6 15. Qe3 Bd6 16. Ne5 c5 17. f4 O-O-O 18. dxc5 Bxe5 19. fxe5 Ng4 20. Qf4 Nxe5
21. Rde1 Nc6 22. Qg4 1/2-1/2

[Event "Stuttgarter Stadtmeisterschaft A"]
[Site "Ditzingen"]
[Date "2015.05.16"]
[Round "6.24"]
[White "Issaad, Pascal"]
[Black "Maj, Kornel"]
[Result "0-1"]
[WhiteElo "1845"]
[BlackElo "2073"]
[PlyCount "56"]
[EventDate "2015.??.??"]
[WhiteTeam "SV Stuttgart-Wolfbusch"]
[BlackTeam "Stuttgarter SF"]

1. b4 e5 2. Bb2 Bxb4 3. Bxe5 Nf6 4. Nf3 Nc6 5. Bb2 O-O 6. e3 d5 7. Be2 Bg4 8.
O-O Re8 9. d4 Ne7 10. Nbd2 Ng6 11. c4 c6 12. h3 Be6 13. Qb3 Qa5 14. Rfd1 Ne4
15. Nxe4 dxe4 16. Ng5 Qxg5 17. Qxb4 Bxh3 18. g3 Nh4 19. Qc5 Nf5 20. Kh2 Bg4 21.
Bxg4 Qxg4 22. d5 Qe2 23. Kg2 b6 24. Qa3 Qf3+ 25. Kg1 c5 26. Qc3 h5 27. d6 h4
28. gxh4 Re6 0-1

[Event "Stuttgarter Stadtmeisterschaft A"]
[Site "Ditzingen"]
[Date "2015.05.16"]
[Round "6.25"]
[White "Unger, Franz"]
[Black "Faulhaber, Rolf"]
[Result "0-1"]
[WhiteElo "1985"]
[BlackElo "2039"]
[PlyCount "88"]
[EventDate "2015.??.??"]
[WhiteTeam "SK Sachsenheim"]
[BlackTeam "SK Tauberbischofsheim"]

1. e4 e6 2. d4 d5 3. Nc3 Bb4 4. Qd3 Ne7 5. Bd2 O-O 6. O-O-O b6 7. Qe3 Ba6 8.
Nf3 Bxf1 9. Rhxf1 a5 10. Nb1 Bxd2+ 11. Nbxd2 b5 12. c3 Nd7 13. Ne5 Nb6 14. Kb1
Nc4 15. Qe2 Rb8 16. Ka1 Qd6 17. f4 f6 18. Nd3 Nxd2 19. Rxd2 b4 20. e5 fxe5 21.
Qxe5 bxc3 22. bxc3 Qc6 23. Nc5 Rf6 24. Qe2 Rb6 25. g3 Nc8 26. Rb2 Nd6 27. Rfb1
Nc4 28. Rb3 a4 29. Rb4 a3 30. R1b3 h6 31. h4 Qd6 32. Ne4 dxe4 33. Qxc4 Rxb4 34.
cxb4 g5 35. hxg5 hxg5 36. Rxa3 gxf4 37. gxf4 Qxf4 38. Rc3 e3 39. Rc2 Rf7 40.
Rg2+ Kh8 41. Kb2 Qe4 42. Re2 Rf2 43. Kc1 Qh1+ 44. Kb2 Qf1 0-1

[Event "Stuttgarter Stadtmeisterschaft A"]
[Site "Ditzingen"]
[Date "2015.05.16"]
[Round "6.26"]
[White "Kübler, Marcus"]
[Black "Sieweck, Philipp"]
[Result "0-1"]
[WhiteElo "2074"]
[BlackElo "1953"]
[PlyCount "44"]
[EventDate "2015.??.??"]
[WhiteTeam "TSV Schönaich"]
[BlackTeam "SG Turm Kiel"]

1. d4 Nf6 2. c4 g6 3. Nc3 Bg7 4. g3 O-O 5. Bg2 d6 6. Nf3 Nc6 7. O-O a6 8. h3
Bd7 9. e4 e5 10. Be3 Rb8 11. Qd3 exd4 12. Nxd4 Ne5 13. Qe2 c5 14. Nc2 b5 15.
cxb5 axb5 16. Rfd1 b4 17. Nd5 Bb5 18. Nxf6+ Qxf6 19. Qe1 Nd3 20. Qd2 Qxb2 21.
Bg5 Bc3 22. Rab1 Bxd2 0-1